A felnőttkori tanítási és tanulási folyamat jellemzőinek vizsgálata a tréning módszer alkalmazásai tükrében

Elmentve itt :
Bibliográfiai részletek
Szerző: Mádi Szilvia
További közreműködők: Dina Miletta (Témavezető)
Dokumentumtípus: Szakdolgozat
Megjelent: 2013
Tárgyszavak:
Online Access:http://diploma.bibl.u-szeged.hu/106594
LEADER 00984nta a2200229 i 4500
001 dipl106594
005 20210215102056.0
008 210215s2013 hu om 0|| zxx d
040 |a SZTE Diploma Repozitórium  |b hun 
041 |a zxx 
100 1 |a Mádi Szilvia 
245 1 2 |a A felnőttkori tanítási és tanulási folyamat jellemzőinek vizsgálata a tréning módszer alkalmazásai tükrében  |h [elektronikus dokumentum] /  |c Szilvia Mádi 
260 |c 2013 
650 4 |a Pedagógusképzés 
650 4 |a Social sciences 
650 4 |a Educational sciences 
650 4 |a Education, general (including training, pedagogy, didactics) 
650 4 |a Education: systems and institutions, teaching and learning 
650 4 |a Adult education 
700 1 |a Dina Miletta  |e ths 
856 4 0 |u http://diploma.bibl.u-szeged.hu/id/eprint/106594/1/2013_madi_szilvia.pdf  |z Dokumentum-elérés  
856 4 0 |u http://diploma.bibl.u-szeged.hu/id/eprint/106594/2/2013_madi_szilvia_melleklet.zip  |z Dokumentum-elérés